LEADER 01035nam a2200241 4500 001 000000352516 003 CaOOAMICUS 005 20240829153759.0 008 221215s1991 it 000 u ita r 040 $aSeMil$bita 100 1 $aValori, Paolo,$c.$0(OLS)http://semarc/name/15669 245 10$aFilosofia morale :$bquestioni conclusive /$cPaolo Valori. 250 $a2. rist 264 1$aRoma :$bPontificia Università Gregoriana,$c1991. 300 $a38 p. ;$c24 cm 650 4$aFilosofia morale.$0(OLS)http://semarc/subject/232 710 2 $aPontificia Università Gregoriana : Facoltà di Filosofia.$0(OLS)http://semarc/name/7817 850 $aSeMil 852 $aSeMil$W1$xVenegono$y1$m2I IV 547$j250552$B243705$CSeMilBibl$Z2$F243705 $81 961 $aVitali Nicolò - lascito 996 $6245$aFilosofia morale :$bquestioni conclusive$9(OLS)http://semarc/title/442360 996 $6264$aRoma :$bPontificia Università Gregoriana$9(OLS)http://semarc/publisher/29750 LEADER 01376nam a2200241 i 4500 001 000000050262 003 CaOOAMICUS 005 20121213000000.0 008 121213s1837 xx u000 u lat u 013 $a21433 040 $aSeMil$bita 100 1 $aAbelly, Louis ,$c.$0(OLS)http://semarc/name/832 245 10$aEpiscopalis sollicitudinis Enchiridion ex plurimorum ecclesiae catholicae antistitum, sanctitate ac pastorali vigilantia insignium, et praesertim D. Caroli Borromaei S.R.C. Archiepiscopi Mediolanensis, theoria et praxi accurate collectum ... /$cauthore Ludovico Abelly. 250 $aEd. nova. 260 $aVesontione :$bApud Gauthier fratrem et soc.,$c1837. 300 $axx, 443 p. ;$c29 cm. 600 04$aBorromeo, Carlo .$0(OLS)http://semarc/subject/690 850 $aSeMil 852 $aSeMil$W1$xVenegono$y1$m2E V 10 FA$j16417$B16417$CSeMilBibl$Z2$F16417 $8I 941 1 $a10 961 $aRecupero: Mantegazza 996 $6245$aEpiscopalis sollicitudinis Enchiridion ex plurimorum ecclesiae catholicae antistitum, sanctitate ac pastorali vigilantia insignium, et praesertim D. Caroli Borromaei S.R.C. Archiepiscopi Mediolanensis, theoria et praxi accurate collectum ...$9(OLS)http://semarc/title/76730 996 $6260$aVesontione :$bApud Gauthier fratrem et soc.$9(OLS)http://semarc/publisher/41209